000 00839nam a2200205Ia 4500
003 LDD
008 190117s9999 xx 000 0 und d
020 _a9788126340965
_c₹410
040 _cLDD
041 _ahi
082 _a8H3.6 प्रे59222प्रे
100 _aकालिया, रवीन्द्र
245 0 _aप्रेमचंद
_b स्त्री जीवन की कहानियाँ
_cरवीन्द्र कालिया
260 _aनयी दिल्ली
_bभारतीय ज्ञानपीठ
_c2012
300 _a424p.
440 _aलोकोदय ग्रन्थमाला : ग्रन्थांक 1124
901 _aKGP
904 _aReqst by : Jitendra Kumar Srivasta
942 _2ddc
_cH
999 _c155906
_d155906